| 000 | 00462nam a2200181Ia 4500 | ||
|---|---|---|---|
| 008 | 230524s9999 xx 000 0 und d | ||
| 020 | _a8172246668 | ||
| 082 |
_a621.3829 _bLOS |
||
| 100 | _aPete Loshin | ||
| 245 | 0 | _aElectronic Commerce : Online Ordering And Digital Money | |
| 250 | _a2ND | ||
| 260 |
_aNEW DELHI _bJaico Pub _c1999 |
||
| 300 | _aXI;309 | ||
| 500 | _aQuantity Number: 5 | ||
| 650 | _aComp-Sc | ||
| 700 | _a Paul A.Murphy | ||
| 942 | _cBK | ||
| 999 |
_c41686 _d41686 |
||